000
00478nam a2200169Ia 4500
008
090711s9999 xx 000 0 und d
082
_b
12479
100
_a
नाईक जयप्रकाश
245
_a
अपत्यसुख
260
_c
1937
300
_a
74
600
_a
नाईक जयप्रकाश
630
_a
अपत्यसुख
700
_a
नाईक जयप्रकाश
730
_a
अपत्यसुख
942
_c
BOOK
999
_c
312061
_d
312061